书目信息 |
| 题名: |
虹霓关
|
|
| 作者: | 陈荫荣 讲述 ;戴宏森 整理 | |
| 分册: | ||
| 出版信息: | 北京 中国曲艺出版社 1982 |
|
| 页数: | 250页 | |
| 开本: | 19cm | |
| 丛书名: | ||
| 单 册: | ||
| 中图分类: | I239.87 , I239.8 | |
| 科图分类: | ||
| 主题词: | 评话--中国--现代 , 戏剧文学--剧本--中国 | |
| 电子资源: | ||
| ISBN: | ||
| 000 | 00739nam0 2200277 45 | |
| 001 | 0182009092 | |
| 005 | 20040415092455.3 | |
| 010 | @dCNY0.64 | |
| 091 | @a10227.030 | |
| 100 | @a19950620d1982 em y0chiy0121 ea | |
| 101 | 0 | @achi |
| 102 | @aCN@b110000 | |
| 105 | @af z 000by | |
| 106 | @ar | |
| 200 | 10 | @a虹霓关@Ahong ni guan@f陈荫荣讲述@g戴宏森整理 |
| 210 | @a北京@c中国曲艺出版社@d1982 | |
| 215 | @a250页@c插图@d19cm | |
| 606 | @a评话@y中国@z现代 | |
| 606 | 0 | @a戏剧文学@x剧本@x中国 |
| 690 | @aI239.87@v3 | |
| 690 | @aI239.8 | |
| 701 | 0 | @a陈荫荣@Achen yin rong@4讲述 |
| 702 | 0 | @a戴宏森@Adai hong sen@4整理 |
| 801 | 0 | @aCN@b上海图书馆@c20040415 |
| 801 | 2 | @aCN@bNLC@c20040415 |
| 905 | @f4@b72582-585@dI239.8@e12:7 | |
| 虹霓关/陈荫荣讲述/戴宏森整理.-北京:中国曲艺出版社,1982 |
| 250页:插图;19cm |
| ISBN :CNY0.64 |
| ● |
| 相关链接 |
|
|
|
|
正题名:虹霓关
索取号:I239.8/12:7
 
预约/预借
| 序号 | 登录号 | 条形码 | 馆藏地/架位号 | 状态 | 备注 |
| 1 | 0072582 | 001589524 | 第二借阅区/ [索取号:I239.8/12:7] | 在馆 | |
| 2 | 0072583 | 001504633 | 密集书库/ [索取号:I239.8/12:7] | 在馆 | |
| 3 | 0072584 | 000960721 | 密集书库/ [索取号:I239.8/12:7] | 在馆 | |
| 4 | 0072585 | 000960712 | 密集书库/ [索取号:I239.8/12:7] | 在馆 | |
| 5 | 0072586 | 000960730 | 第一样本阅览室/ [索取号:I239.8/12:7] | 在馆 |